| 000 | 02033cam a22005054i 4500 | ||
|---|---|---|---|
| 003 | PE-LiUPU | ||
| 005 | 20250731172959.0 | ||
| 008 | 150623s1997 sp r 000 0 spa d | ||
| 020 | _a8428814198 | ||
| 020 | _a9788428814195 | ||
| 035 | _a(Sirsi) i9788428814195 | ||
| 040 |
_aPE-LiUPU _bspa _cPE-LiUPU _erda |
||
| 049 | _aPRUA | ||
| 082 | 0 | 4 |
_a262.91 _bP27 _221 |
| 100 | 1 |
_aPasselecq, Georges, _eautor. |
|
| 245 | 1 | 3 |
_aUn silencio de la iglesia frente al fascismo : _bla encíclica de Pío XI que Pío XII no publicó / _cGeorges Passelecq, Bernard Suchecky. |
| 264 | 1 |
_aMadrid : _bPPC, _c1997. |
|
| 300 |
_a299 páginas ; _c22 centímetros |
||
| 336 |
_atext _2rdacontent |
||
| 337 |
_aunmediated _2rdamedia |
||
| 338 |
_avolume _2rdacarrier |
||
| 505 | 0 | _aLa búsqueda de los documentos -- El encargo de la Humani Generis Unitas (mayo-junio de 1938) -- La redacción de la Humani Generis Unitas (Julio-septiembre de 1938) -- ¿Qué ocurrio con el proyecto? (octubre de 1938-maayo de 1940) -- Algunos elementos adicionales incorporados al expediente de la Humani Generis Unitas -- La encíclica Humani Generis Unitas. | |
| 526 | _aSEG42 | ||
| 526 | _aSEG41 | ||
| 526 | _aSEG40 | ||
| 526 | _aSEG39 | ||
| 526 | _aP94 | ||
| 526 | _aP87 | ||
| 526 | _aP86 | ||
| 526 | _aP85 | ||
| 526 | _aP77 | ||
| 526 | _aP76 | ||
| 526 | _aP35 | ||
| 600 | 1 |
_aPío _bXI, _cPapa _2embne |
|
| 600 | 1 |
_aPío _bXII, _cPapa _2embne |
|
| 650 | 2 | 4 |
_aCristianismo y antisemitismo _2embne |
| 650 | 2 | 4 |
_aFascismo e Iglesia Católica _2embne |
| 700 | 1 |
_aSuchecky, Bernard, _eautor. |
|
| 942 |
_2ddc _cBOOK |
||
| 949 |
_a262.91 P27 _wDEWEY _c1 _i45453 _lCCODEBUL1 _mBUL _r0 _sY _tBOOK _u2015-6-24 _xTEOLOGIA _PP35 _0COMPRA _o.STAFF. Colección Teología |
||
| 994 |
_aC0 _bPEPRU |
||
| 596 | _a1 | ||
| 999 |
_a262.91 P27 _wDEWEY _c22316 _i45453 _f2021-11-10 _g6 _lCCODEBUL1 _mBUL _p22.00 _r0 _sY _tBOOK _u2015-6-24 _xTEOLOGIA _PP35 _0COMPRA _o.STAFF. Colección Teología _d22316 |
||
| 980 |
_81 _gALBERTO SANCHEZ Responsable de Automatización |
||